Actors Who Have Acted With Tom Cruise - Statistics

General Stats
  • This quiz has been taken 109 times
  • The average score is 8 of 29
Answer Stats
Movie (s) Actor % Correct
Rain Man Dustin Hoffman
70%
Eyes Wide Shut Nicole Kidman
70%
Tropic Thunder Robert Downey Jr.
64%
Knight and Day Cameron Diaz
55%
Mission Impossible Franchise Simon Pegg
55%
Tropic Thunder Ben Stiller
54%
Austin Powers in Goldmember Mike Myers
50%
Edge of Tomorrow Emily Blunt
49%
Tropic Thunder Jack Black
36%
The Outsiders Patrick Swayze
35%
Mission Impossible Jon Voight
32%
Mission Impossible Franchise Jeremy Renner
31%
Mission Impossible Franchise Ving Rhames
27%
Mission Impossible/ The Outsiders Emilio Estevez
25%
Mission Impossible Franchise Alec Baldwin
21%
Mission Impossible: Fallout Henry Cavill
18%
Mission Impossible Jean Reno
18%
Mission Impossible Franchise Rebecca Ferguson
18%
The Outsiders Ralph Macchio
11%
Mission Impossible Franchise Michelle Monaghan
8%
Mission Impossible Franchise Angela Bassett
7%
Mission Impossible 2 Anthony Hopkins
5%
Mission Impossible 7 Pom Klementieff
4%
Tropic Thunder Bill Hader
2%
Jack Reacher Franchise Cobie Smulders
2%
A Few Good Men Jack Nicholsen
2%
Top Gun Michael Ironside
2%
Mission Impossible Vanessa Redgrave
2%
Austin Powers in Goldmember Steven Speilberg
0%
No matching quizzes found
Score Distribution
Percent of People with Each Score
Percentile by Number Answered
Your Score History
You have not taken this quiz